|
|
|
|
| LEADER |
00000nab a2200000 a 4500 |
| 001 |
vtls010333870 |
| 003 |
SK-MaSNL |
| 005 |
20260304233540.0 |
| 008 |
120110 xo 000 0 slo |
| 040 |
|
|
|a SVKBBBG
|b slo
|c SVKBBBG
|e AACR2
|
| 041 |
1 |
|
|a slo
|
| 044 |
|
|
|a xo
|c SK
|
| 072 |
|
7 |
|a +796
|x Šport. Hry. Telesné cvičenia
|2 konspekt
|
| 080 |
|
|
|a 796.926
|2 2001
|
| 080 |
|
|
|a 796.093.356.2.093.1
|2 2001
|
| 245 |
0 |
0 |
|a O cenu povstaleckých Donovál
|c (ak)
|
| 611 |
2 |
7 |
|a O cenu povstaleckých Donovál
|n (8. :
|d 1974 :
|c Donovaly, Slovensko)
|2 svkbbbg
|9 1569350
|
| 648 |
|
7 |
|a 1974
|2 svkbbbg
|9 337786
|
| 650 |
0 |
7 |
|a zjazdové lyžovanie
|2 SNKPH
|9 3258
|
| 650 |
0 |
7 |
|a obrovský slalom
|2 svkbbbg
|9 30684
|
| 651 |
|
7 |
|a Donovaly (Slovensko)
|2 svkbbbg
|9 14559
|
| 773 |
0 |
|
|t Smer
|g (7.1.1974).
|
| 852 |
|
|
|a SVKBB
|b KIS3GCP
|
| 958 |
|
|
|a PM
|
| 958 |
|
|
|a NB
|
| 999 |
|
|
|c 3199113
|d 3201043
|